|
|
|
|
| LEADER |
00000nam0a2200000 4500 |
| 001 |
183529 |
| 005 |
20231101223749.0 |
| 035 |
|
|
|a (RuTPU)RU\TPU\book\198946
|
| 090 |
|
|
|a 183529
|
| 100 |
|
|
|a 20100809d1910 km y0rusy50 ca
|
| 101 |
0 |
|
|a rus
|
| 102 |
|
|
|a RU
|
| 105 |
|
|
|a y z 000zy
|
| 200 |
1 |
|
|a Совещания по железнодорожному строительству в Западной Сибири
|e [отдельный оттиск]
|f Е. Л. Зубашев
|
| 210 |
|
|
|a Томск
|c Паровая типография Н. И. Орловой
|d 1910
|
| 215 |
|
|
|a 10 с.
|
| 225 |
1 |
|
|a Известия Томского городского общественного управления
|v № 23-26
|
| 300 |
|
|
|a Текст в русской дореформенной орфографии
|
| 317 |
|
|
|5 63413507: 26//423
|a Поступил в НТБ в 1914 г. в дар от первого директора ТТИ профессора Е. Л. Зубашева
|
| 606 |
1 |
|
|a Железнодорожное строительство
|2 stltpush
|3 (RuTPU)RU\TPU\subj\10400
|9 37480
|
| 610 |
1 |
|
|a Россия
|
| 610 |
1 |
|
|a Сибирь
|
| 610 |
1 |
|
|a история
|
| 610 |
1 |
|
|a труды учёных ТПУ
|
| 610 |
1 |
|
|a Коллекция Е. Л. Зубашева
|
| 610 |
1 |
|
|a оттиски
|
| 675 |
|
|
|a 625.1.002
|v 3
|
| 700 |
|
1 |
|a Зубашев (Зубашов)
|b Е. Л.
|c российский химик-технолог
|c первый директор Томского технологического института (1899-1907)
|f 1860-1928
|g Ефим Лукьянович
|2 stltpush
|3 (RuTPU)RU\TPU\pers\579
|
| 801 |
|
1 |
|a RU
|b 63413507
|c 20100809
|
| 801 |
|
2 |
|a RU
|b 63413507
|c 20210706
|g RCR
|
| 942 |
|
|
|c BK
|